000
00286nam a22001337a 4500
008
181106b xxu||||| |||| 00| 0 eng d
020
_a
9780973529814
041
_a
eng
080
_a
370
100
_a
49
101
_a
EDU
245
_a
Making Your Mark
_c
Fraser.L
942
_2
udc
_c
BK
999
_c
51986
_d
51986